| 000 | 00663nam a2200205 i 4500 | ||
|---|---|---|---|
| 001 | 26547 | ||
| 003 | ES-MaACL | ||
| 005 | 20250913172031.0 | ||
| 007 | t| | ||
| 008 | 030109s1963 sp ||||1| spa d | ||
| 245 | 0 | 0 |
_aAvances y aspectos recientes en pediatría / _cprólogo de C. Laguna Serrano. |
| 260 |
_aMadrid : _bPaz Montalvo, _c1963. |
||
| 300 |
_a227 p. : _bil. ; _c24 cm. |
||
| 500 | _aPrecede al tít.: Sociedad de Pediatría de Madrid. | ||
| 650 | 4 |
_aPediatría. _9136672 |
|
| 700 | 1 |
_aLaguna Serrano, Ciriaco, _d1905-1991 _969630 |
|
| 710 | 2 |
_aSociedad de Pediatría de Madrid. _96689 |
|
| 852 |
_aES-MaACL _jP-945-bis |
||
| 999 |
_c26547 _d26547 |
||